000 00865nas a2200289 4500
001 BR2013007158
003 BR-BrBNA
005 20231205122910.0
007 ta
008 230509b bl.|||p| |||| 00| 00por d
040 _aBR-BrBNA
_bpor
_cBiblioteca Nacional de Agricultura
041 _a(En)
072 _aH20; F03; F30
100 1 _aBotelho, L. da S.
100 1 _aZancan, W.L.A.
100 1 _aMachado, J. da C.
100 1 _aBarrocas, E.N.
245 1 _aPerformance of common bean seeds infected by the fungus Sclerotinia sclerotiorum
650 _aFEIJÃO
650 _aSEMENTE
650 _aDOENÇA FÚNGICA
650 _aMOFO BRANCO
650 _aGENÓTIPO
773 0 _tJournal of Seed Science (Brazil)
_xISSN 2317-1537
_g(Jun 2013), v. 35(2) p. 153-160
_wBR2013007158
909 _a202311
_bLúcia
_c55
_dLúcia Elande
942 _2AGRIS
_n0
_cANA
999 _c231151
_d231151